00740nam a2200217 a 450000100060000000300090000600800410001502000150005604000280007108200170009910000200011624500250013626000270016130000100018850501680019865000480036665000380041465000110045265000190046365000400048222856CO-ViMGA141112s2004 ck r 000 u spa d a9701506502 aCO-ViMGAbspacCO-ViMGA04a621.56 R164f1 aRapìn, Pierre10aFormulario del Frio aEspaña : bAlfaomega a470p. aGeneralidades, Fluidos frigorigenos, Metodos de la produccion de frio, Automatismo, Aplicaciones del frio, Enfriamiento de liquidos, Hielo hidrico, Hielo carbonico14aFRIGORIFICOS - MATENIMIENTO Y CONSERVACION 14aFRIO - APLICACIONES INDUSTRIALES 14aHIELO 14aREFRIGERACION 14aREFRIGERACION - EQUIPO Y ACCESORIOS